000
00303nam a22001337a 4500
008
180813b xxu||||| |||| 00| 0 eng d
020
_a
9781605470283
041
_a
eng
080
_a
616-053.2
100
_a
8
101
_a
PED
245
_a
Essentials of Pediatrics Nurisng
_c
Kyle,T
942
_2
udc
_c
BK
999
_c
47025
_d
47025